From hierarchy to contract

Αποθηκεύτηκε σε:
Λεπτομέρειες βιβλιογραφικής εγγραφής
Άλλοι συγγραφείς: Harrison, Anthony (Επιμελητής έκδοσης)
Μορφή: Βιβλίο
Γλώσσα:English
Δημοσίευση: New Brunswich : Policy Journals, 1993
Σειρά:Reshaping the public sector ; ; V.7
Θέματα:
Ετικέτες: Προσθήκη ετικέτας
Δεν υπάρχουν, Καταχωρήστε ετικέτα πρώτοι!

MARC

LEADER 00000nam a2200000 i 4500
001 1/20065
008 960704s1993 eng d
020 |a 0-946967-39-3 
035 |l 10021482 
040 |a GR-MY-UA  |b gre  |e aacr 
041 0 |a eng 
082 0 |a 346.023 
245 1 0 |a From hierarchy to contract /  |c Edited by:Anthony Harrison 
260 |a New Brunswich :   |b Policy Journals,   |c 1993 
490 1 |a Reshaping the public sector  |v ; V.7 
650 0 0 |a Public contracts  |z Great Britain. 
700 1 |a Harrison, Anthony.  |4 edt 
830 0 |a Reshaping the public sector ;  |v ; V.7 
852 |a INST  |b CHIOS  |e 19960704  |h 346.023 FRO  |p 005200001604  |q 005200001604  |t BK  |y 0 
909 |a Χ  |b 042189